UBT Library

Gross state product and productivity in the Southeast, (Record no. 41359)

000 -LEADER
fixed length control field 00603pam a2200229 4500
001 - CONTROL NUMBER
control field 4096505
005 - DATE AND TIME OF LATEST TRANSACTION
control field 20180131050003.0
008 - FIXED-LENGTH DATA ELEMENTS--GENERAL INFORMATION
fixed length control field 740802s1975 ncu bs 001 0 eng
010 ## - LIBRARY OF CONGRESS CONTROL NUMBER
LC control number 74014923
020 ## - INTERNATIONAL STANDARD BOOK NUMBER
International Standard Book Number 0807812382
040 ## - CATALOGING SOURCE
Original cataloging agency DLC
Transcribing agency DLC
Modifying agency DLC
041 ## - LANGUAGE CODE
Language code of text/sound track or separate title eng
043 ## - GEOGRAPHIC AREA CODE
Geographic area code n-usu--
080 ## - UNIVERSAL DECIMAL CLASSIFICATION NUMBER
Universal Decimal Classification number 339.375 ALB
082 00 - DEWEY DECIMAL CLASSIFICATION NUMBER
Classification number 339.375 ALB
100 1# - Rafti
Rafti 59
101 ## - Shkurtesa
Shkurtesa TRE
245 10 - TITLE STATEMENT
Title Gross state product and productivity in the Southeast,
Statement of responsibility, etc by Albert W. Niemi, Jr.
504 ## - BIBLIOGRAPHY, ETC. NOTE
Bibliography, etc Bibliography: p. 107-113.
906 ## - LOCAL DATA ELEMENT F, LDF (RLIN)
a 7
b cbc
c orignew
d 1
e ocip
f 19
g y-gencatlg
942 ## - ADDED ENTRY ELEMENTS (KOHA)
Source of classification or shelving scheme
Item type Books
Holdings
Withdrawn status Lost status Source of classification or shelving scheme Damaged status Not for loan Collection code Permanent location Current location Shelving location Date acquired Total Checkouts Full call number Barcode Date last seen Price effective from Koha item type
          Koleksioni i përgjithshem UBT - Lipjan UBT - Lipjan Koleksioni i përgjithshem 01/31/2018   339.375 ALB 002-2998054 01/31/2018 01/31/2018 Books
UBT Library © 2015-2024. All rights reserved University Education for Business and Technology